000 01742cam a22003615a 4500
001 13378722
003 EG-ScBUE
005 20220426094457.0
008 020123r20032002enk f b 001 0 eng d
020 _a0415231736
020 _a9780415231732
035 _a(OCoLC)ocm48884064
040 _aUKM
_beng
_erda
_cUKM
_dEG-ScBUE
082 0 4 _a413.028
_222
_bJAC
100 1 _aJackson, Howard,‏
_d1945-‏
_eauthor.
_940518
245 1 0 _aLexicography :
_ban introduction /
_cHoward Jackson.
250 _aReprinted edition.
264 1 _aLondon ;
_aNew York :
_bRoutledge,
_c2003.
300 _ax, 190 pages ;
_c24 cm
336 _2rdacontent
_atext
_btxt
337 _2rdamedia
_aunmediated
_bn
338 _2rdacarrier
_avolume
_bnc
504 _aIncludes bibliographical references and index.
505 _aWords -- Facts about words -- The dictionary -- The beginnings -- The New English Dictionary -- Up to the present -- Users and uses -- Meaning in dictionaries -- Beyond definition -- Etymology -- Dictionaries for learners -- Abandoning the alphabet -- Compiling dictionaries -- Criticising dictionaries.
520 _aThis text analyses a wide range of dictionaries, from those for native speakers to thematic dictionaries and those on CD-ROM, to reveal the ways in which dictionaries fulfil their dual function of describing the vocabulary of English and providing a useful and accessible reference resource.
650 7 _940520
_aLexicography.
_2BUEsh
651 _2BUEsh
653 _cJuly2016
_bHHUUEENN
653 _bHHUUEENN
_cSeptember2016
655 _vReading book
_934232
856 4 1 _3Table of contents only
_uhttp://www.loc.gov/catdir/toc/fy041/2003274912.html
942 _2ddc
_e22
_k413.028 JAC
_cBB
999 _c22062
_d22034